Catálogo
 En Linea

Manual básico de electrocardiografía : (Registro nro. 41027)

Detalles MARC
000 -CABECERA
campo de control de longitud fija 00657nam a2200181 a 4500
001 - NÚMERO DE CONTROL
campo de control 000041537
005 - FECHA Y HORA DE LA ÚLTIMA TRANSACCIÓN
campo de control 20201002035628.0
008 - DATOS DE LONGITUD FIJA--INFORMACIÓN GENERAL
campo de control de longitud fija 131009s201u dr a 000 0 spa d
040 ## - FUENTE DE LA CATALOGACIÓN
Centro catalogador/agencia de origen DO-SdBNP
Lengua de catalogación spa
Centro/agencia transcriptor BNPHU
082 ## - NÚMERO DE LA CLASIFICACIÓN DECIMAL DEWEY
Número de clasificación xxxx
Número de documento/Ítem xxx
100 1# - ENTRADA PRINCIPAL--NOMBRE DE PERSONA
Nombre de persona Peréz, Andrés Gustavo
9 (RLIN) 68268
245 10 - MENCIÓN DE TÍTULO
Título Manual básico de electrocardiografía :
Resto del título veinte años en veinte capítulos /
Mención de responsabilidad, etc. Andrés Gustavo Peréz.
260 ## - PUBLICACIÓN, DISTRIBUCIÓN, ETC.
Lugar de publicación, distribución, etc. [Santo Domingo], :
Nombre del editor, distribuidor, etc. [s.d.],
Fecha de publicación, distribución, etc. [201u].
300 ## - DESCRIPCIÓN FÍSICA
Extensión 124 p. ; :
Otras características físicas il. ;
Dimensiones 20 cm.
500 ## - NOTA GENERAL
Nota general Incluye datos biografícos del autor
504 ## - NOTA DE BIBLIOGRAFÍA, ETC.
Nota de bibliografía, etc. Bibliografía p: 121-122
590 ## - NOTA LOCAL (RLIN)
Nota local La biblioteca posee tres ejemplares autografíados por el autor
Existencias
Estado de retiro Estado de pérdida No para préstamo Código de colección Localización permanente Ubicación/localización actual Ubicación en estantería Fecha de adquisición Número de inventario Total de préstamos Signatura topográfica completa Código de barras Fecha visto por última vez Número de copia Precio válido a partir de Tipo de ítem Koha
    Excluido de préstamo Dominicana de Servicio General General En catalogación 09.10.2013 LF1   xxxx xxx 41537-30 25.06.2020 e. 3 25.06.2020 Libro y Folleto Colección Dominicana de Servicio
    Excluido de préstamo Patrimonio Dominicano Patrimonio Dominicano Patrimonio Dominicano En catalogación 09.10.2013 LF1   xxxx xxx 41537-10 25.06.2020   25.06.2020 Libro y Folleto Colección Patrimonio Dominicano
    Excluido de préstamo Patrimonio Dominicano Patrimonio Dominicano Patrimonio Dominicano En catalogación 09.10.2013 LF1   xxxx xxx 41537-20 25.06.2020 e. 2 25.06.2020 Libro y Folleto Colección Patrimonio Dominicano

Con tecnología Koha